Statistics for Geographic North American Sports (1980) NFL, CFL, MLB, NHL, NBA, NASL

Click here to take the quiz!

General Stats

  • This quiz has been taken 31 times
  • The average score is 42 of 56

Answer Stats

HintAnswer% Correct
4Houston
100%
5Los Angeles
100%
8New York
100%
3Boston
96%
3Dallas
96%
1Miami
96%
4Seattle
96%
4Washington
96%
6Chicago
93%
1New Orleans
93%
4San Diego
93%
2San Francisco
93%
4Atlanta
89%
3Cleveland
89%
2Denver
89%
1Indiana
89%
3Montreal
89%
1Phoenix
89%
3Pittsburgh
89%
2Vancouver
89%
5Detroit
85%
4Toronto
85%
2Baltimore
81%
2Cincinnati
81%
1New Jersey
81%
5Philadelphia
81%
1San Antonio
81%
3St. Louis
81%
2Winnipeg
81%
2Buffalo
78%
2Calgary
78%
3Edmonton
78%
1Green Bay
78%
3Kansas City
78%
2Milwaukee
78%
4Minnesota
78%
2Oakland
78%
1Ottawa
78%
2Portland
78%
1Utah
74%
2Tampa Bay
70%
1Memphis
67%
2New England
67%
1San Jose
67%
1Golden State
63%
1Quebec
59%
1Hamilton
56%
1Texas
56%
2California
52%
1Colorado
52%
1Hartford
44%
1BC
30%
1Saskatchewan
26%
1Rochester
22%
1Tulsa
22%
1Fort Lauderdale
11%

Score Distribution

Percentile by Number Answered

Percent of People with Each Score

Your Score History

You have not taken this quiz